LEADER 01227nam a2200241 i 4500 001 000000072788 003 CaOOAMICUS 005 20090416000000.0 008 090416s1969 it u000 u mul u 013 $a43960 040 $aSeMil$bita 100 1 $aBarbaro, Ermolao,$c.$0(OLS)http://semarc/name/9410 245 13$aDe coelibatu ; De officio legati /$cErmolao Barbaro ; edizione critica a cura di Vittore Branca ; con un'appendice alle "Epistole, orationes et carmina". 260 $aFirenze :$bLeo S. Olschki,$c1969. 300 $aVIII, 241 p., 4 p. di tav. :$bill. ;$c22 cm. 490 0 $aNuova collezione di testi umanistici inediti o rari ;$v14. 650 4$aLetteratura latina medievale - Sec. 14.-15.$0(OLS)http://semarc/subject/10461 700 1 $aBranca, Vittore,$d<1913-2004>.$0(OLS)http://semarc/name/89142 830 0$aNuova collezione di testi umanistici inediti o rari ;$v14.$0(OLS)http://semarc/title/27858 850 $aSeMil 852 $aSeMil$W1$xVenegono$y1$m2Q II 282$j38941$B38941$CSeMilBibl$Z2$F38944 $81 996 $6245$aDe coelibatu ; De officio legati$9(OLS)http://semarc/title/117435 996 $6260$aFirenze :$bLeo S. Olschki$9(OLS)http://semarc/publisher/29957 LEADER 01450nam a2200241 i 4500 001 000000053449 003 CaOOAMICUS 005 20110108000000.0 008 110108s1953 it u000 u ita u 013 $a24621 040 $aSeMil$bita 100 1 $aBorgonovo, Giustino,$c.$0(OLS)http://semarc/name/5872 245 10$aManuale di liturgia ambrosiana, ossia, regole e cerimonie dei Sacramenti, del sacrificio e dei Sacramentali :$braccolte ed ordinate in testo unico col direttorio per le feste dell'anno ecclesiastico ambrosiano /$cP. Giustino Borgonovo ; 3. edizione aggiornata dal Sac. Dott. Luigi Oldani. 260 $aVarese :$bTipografia dell'Addolorata,$c1953. 300 $aXXX, 595 p. ;$c21 cm. 650 4$aCerimoniale - Rito ambrosiano - Commentari e studi.$0(OLS)http://semarc/subject/7831 650 4$aLiturgia - Manuali.$0(OLS)http://semarc/subject/87 700 1 $aOldani, Luigi <1905-1976>.$0(OLS)http://semarc/name/1018 850 $aSeMil 852 $aSeMil$W1$xVenegono$y1$m3K II 12/A$j19603$B19603$CSeMilBibl$Z2$F19605 $81 961 $aOmaggio: Donazione 996 $6245$aManuale di liturgia ambrosiana, ossia, regole e cerimonie dei Sacramenti, del sacrificio e dei Sacramentali :$braccolte ed ordinate in testo unico col direttorio per le feste dell'anno ecclesiastico ambrosiano$9(OLS)http://semarc/title/82341 996 $6260$aVarese :$bTipografia dell'Addolorata$9(OLS)http://semarc/publisher/41570